<?xml version="1.0" encoding="UTF-8"?>
<record
    xmlns:xsi="http://www.w3.org/2001/XMLSchema-instance"
    xsi:schemaLocation="http://www.loc.gov/MARC21/slim http://www.loc.gov/standards/marcxml/schema/MARC21slim.xsd"
    xmlns="http://www.loc.gov/MARC21/slim">

  <leader>00884nam a2200229   4500</leader>
  <controlfield tag="001">77039</controlfield>
  <controlfield tag="003">BD-RjUL</controlfield>
  <controlfield tag="005">20211209082923.0</controlfield>
  <controlfield tag="008">200217r19841976us a|||||mb|| 00| 0 eng d</controlfield>
  <datafield tag="035" ind1=" " ind2=" ">
    <subfield code="a">(BD-RjUL)77263</subfield>
  </datafield>
  <datafield tag="040" ind1=" " ind2=" ">
    <subfield code="a">BD-RjUL</subfield>
    <subfield code="b">eng</subfield>
    <subfield code="c">BD-RjUL</subfield>
    <subfield code="d">BD-RjUL</subfield>
  </datafield>
  <datafield tag="041" ind1=" " ind2=" ">
    <subfield code="a">eng</subfield>
  </datafield>
  <datafield tag="082" ind1=" " ind2=" ">
    <subfield code="2">23</subfield>
    <subfield code="a">658.84</subfield>
    <subfield code="b">CAO 1984</subfield>
  </datafield>
  <datafield tag="100" ind1="1" ind2=" ">
    <subfield code="a">Cavusgil, Salih Tamer</subfield>
    <subfield code="9">1792</subfield>
  </datafield>
  <datafield tag="245" ind1="1" ind2="0">
    <subfield code="a">Organizational determinants of firms' export behavior : </subfield>
    <subfield code="b">an empirical analysis /</subfield>
    <subfield code="c">by Salih Tamer Cavusgil</subfield>
  </datafield>
  <datafield tag="260" ind1=" " ind2=" ">
    <subfield code="a">Michigan:</subfield>
    <subfield code="b">University Microfilms International, </subfield>
    <subfield code="c">1976 [Printed 1984]</subfield>
  </datafield>
  <datafield tag="300" ind1=" " ind2=" ">
    <subfield code="a">viii, 195 leaves :</subfield>
    <subfield code="b">Ill. ;</subfield>
    <subfield code="c">20 cm.</subfield>
  </datafield>
  <datafield tag="500" ind1=" " ind2=" ">
    <subfield code="a">"Originally Presented as the author's Thesis" Thesis (Ph. D.) -- Business, University of Wisconsin--Madison,  1976</subfield>
  </datafield>
  <datafield tag="650" ind1=" " ind2=" ">
    <subfield code="a">Export marketing.     </subfield>
    <subfield code="9">239482</subfield>
  </datafield>
  <datafield tag="650" ind1=" " ind2=" ">
    <subfield code="a">Domestic international sales corporations.</subfield>
    <subfield code="9">239483</subfield>
  </datafield>
  <datafield tag="942" ind1=" " ind2=" ">
    <subfield code="2">ddc</subfield>
    <subfield code="c">RAR</subfield>
  </datafield>
  <datafield tag="999" ind1=" " ind2=" ">
    <subfield code="c">77039</subfield>
    <subfield code="d">77039</subfield>
  </datafield>
  <datafield tag="952" ind1=" " ind2=" ">
    <subfield code="0">0</subfield>
    <subfield code="1">0</subfield>
    <subfield code="2">ddc</subfield>
    <subfield code="4">0</subfield>
    <subfield code="7">1</subfield>
    <subfield code="8">RARE</subfield>
    <subfield code="a">RUCL</subfield>
    <subfield code="b">RUCL</subfield>
    <subfield code="c">Rare</subfield>
    <subfield code="d">1985-02-13</subfield>
    <subfield code="e">Dhaka, Tulip Enterprses</subfield>
    <subfield code="g">40.65</subfield>
    <subfield code="l">0</subfield>
    <subfield code="o">RA 658.84 CAO 1984</subfield>
    <subfield code="r">2020-02-17 00:00:00</subfield>
    <subfield code="t">C-1</subfield>
    <subfield code="w">2020-02-17</subfield>
    <subfield code="y">RAR</subfield>
  </datafield>
</record>
